000 00547nam a22001817a 4500
005 20231101144251.0
008 231101b |||||||| |||| 00| 0 eng d
020 _a0702128716
041 _aEnglish
082 _a346.7 GEA
100 _aGeach, WD
_lEnglish
245 _aHandbook for Executors, Trustees and Curators /
_cWD Geach
250 _aFirst Edition
260 _aCape Town :
_bJuta and Company Ltd,
_c1993
300 _bxv, 504 pages ;
_c25, 5 cm.
650 _aLegal practice
_bLaw
942 _cBK
_6ALISON_BN_VRIES
999 _c233
_d233